Online
Catalog

Accident / (Record no. 4215)

MARC details
000 -CABECERA
campo de control de longitud fija 00938pam a2200265 a 4500
001 - NÚMERO DE CONTROL
campo de control 000004406
003 - IDENTIFICADOR DEL NÚMERO DE CONTROL
campo de control DO-SdBNP
005 - FECHA Y HORA DE LA ÚLTIMA TRANSACCIÓN
campo de control 20250702094516.0
008 - DATOS DE LONGITUD FIJA--INFORMACIÓN GENERAL
campo de control de longitud fija 930802s1994 nyu 000 1 eng
010 ## - NÚMERO DE CONTROL DE LA BIBLIOTECA DEL CONGRESO
Número de control de LC 93031272
020 ## - NÚMERO INTERNACIONAL ESTÁNDAR DEL LIBRO
Número Internacional Estándar del Libro 0385306024 :
Condiciones de disponibilidad $23.95 ($28.95 Can.)
040 ## - FUENTE DE LA CATALOGACIÓN
Centro catalogador/agencia de origen DO-SdBNP
Centro/agencia transcriptor DLC
Centro/agencia modificador DLC
-- OCoLC
-- DLC
043 ## - CÓDIGO DE ÁREA GEOGRÁFICA
Código de área geográfica n-us-ca
050 00 - SIGNATURA TOPOGRÁFICA DE LA BIBLIOTECA DEL CONGRESO
Número de clasificación PS3569.T33828
Número de documento/Ítem A23 1994
082 00 - NÚMERO DE LA CLASIFICACIÓN DECIMAL DEWEY
Número de clasificación 813/.54
Número de edición 20
100 1# - ENTRADA PRINCIPAL--NOMBRE DE PERSONA
Nombre de persona Steel, Danielle.
9 (RLIN) 12024
245 10 - MENCIÓN DE TÍTULO
Título Accident /
Mención de responsabilidad, etc. Danielle Steel.
260 ## - PUBLICACIÓN, DISTRIBUCIÓN, ETC.
Lugar de publicación, distribución, etc. New York :
Nombre del editor, distribuidor, etc. Delacorte Press,
Fecha de publicación, distribución, etc. 1994.
300 ## - DESCRIPCIÓN FÍSICA
Extensión 305 p. ;
Dimensiones 24 cm.
856 41 - LOCALIZACIÓN Y ACCESO ELECTRÓNICOS
Especificación de materiales Sample text
Identificador Uniforme del Recurso <a href="http://www.loc.gov/catdir/samples/random051/93031272.html">http://www.loc.gov/catdir/samples/random051/93031272.html</a>
856 42 - LOCALIZACIÓN Y ACCESO ELECTRÓNICOS
Especificación de materiales Publisher description
Identificador Uniforme del Recurso <a href="http://www.loc.gov/catdir/description/random0414/93031272.html">http://www.loc.gov/catdir/description/random0414/93031272.html</a>
856 42 - LOCALIZACIÓN Y ACCESO ELECTRÓNICOS
Especificación de materiales Contributor biographical information
Identificador Uniforme del Recurso <a href="http://www.loc.gov/catdir/enhancements/fy0703/93031272-b.html">http://www.loc.gov/catdir/enhancements/fy0703/93031272-b.html</a>
910 ## - DATOS DE OPCIÓN DEL USUARIO (OCLC)
Datos de opción del usuario Catalogación por copia / LC
942 ## - ELEMENTOS DE PUNTO DE ACCESO ADICIONAL (KOHA)
Fuente del sistema de clasificación o colocación Dewey Decimal Classification
Tipo de ítem Koha Libro
Holdings
Estado de retiro Estado de pérdida Restricciones de uso No para préstamo Código de colección Localización permanente Ubicación/localización actual Ubicación en estantería Fecha de adquisición Número de inventario Total de préstamos Signatura topográfica completa Código de barras Fecha visto por última vez Precio válido a partir de Tipo de ítem Koha
        Monografías: Libros y Folletos General General En catalogación 25.03.2010 LF1   813/.54 4406-10 25.06.2020 25.06.2020 Préstamo en sala

Powered by Koha